Boost your interview IQ/ (Record no. 167802)

MARC details
000 -LEADER
fixed length control field 00578nam a22001817a 4500
005 - DATE AND TIME OF LATEST TRANSACTION
control field 20190919133149.0
010 ## - LCCN (DPL NO)
LC control number B-132100
020 ## - INTERNATIONAL STANDARD BOOK NUMBER
International Standard Book Number 9780070587755
037 ## - SOURCE OF ACQUISITION
Source of stock number/acquisition Tata McGraw-Hill Publishing
082 ## - DEWEY DECIMAL CLASSIFICATION NUMBER
Classification number 650.144
Item number MAR
100 ## - MAIN ENTRY--PERSONAL NAME
Personal name Martin, Carole
245 ## - TITLE STATEMENT
Title Boost your interview IQ/
Statement of responsibility, etc by Carole Martine
260 ## - PUBLICATION, DISTRIBUTION, ETC. (IMPRINT)
Place of publication, distribution, etc New Delhi
Name of publisher, distributor, etc Tata McGraw-Hill Publishing
Date of publication, distribution, etc 2005
270 ## - ADDRESS
Address 7, West Patel Nagar
-- New Delhi
-- 110008
300 ## - PHYSICAL DESCRIPTION
Extent xii, 1634p.
Dimensions 23 cm. (Pbk)
942 ## - ADDED ENTRY ELEMENTS (KOHA)
Source of classification or shelving scheme Dewey Decimal Classification
Item type English Books
Classification part 650.144
Call number suffix MAR
Holdings
Withdrawn status Lost status Not for loan Collection code Home library Current library Date acquired Full call number Barcode Koha item type Source of acquisition Cost, normal purchase price Cost, replacement price
      Non-fiction R.C.Libraries (zls) R.C.Libraries (zls) 19/09/2019 650.144 MAR B-132100 English Books      
      Non-fiction Yojana Vihar Yojana Vihar 25/09/2019 650.144 MAR B-132092 English Books BPPD/PUB 0.00 0.00

© Delhi Public Library
Hit Counter
free hit counter